[Event "World Blitz Women 2025"]
[Site "Doha QAT"]
[Date "2025.12.30"]
[Round "15.68"]
[White "Lau, Chloe Hailey"]
[Black "Li, Xueyi"]
[Result "0-1"]
[BlackTitle "WGM"]
[WhiteElo "1562"]
[BlackElo "2202"]
[WhiteFideId "6012469"]
[BlackFideId "8605912"]
[EventDate "2025.12.29"]

1. e4 c5 2. Nf3 d6 3. c3 Nf6 4. Be2 g6 5. O-O Bg7 6. Bb5+ Nbd7 7. Re1 a6 8. Ba4
b5 9. Bc2 c4 10. d4 cxd3 11. Bxd3 O-O 12. Bg5 Bb7 13. Nbd2 h6 14. Bh4 Nc5 15.
Bc2 Rc8 16. e5 dxe5 17. Nxe5 Qd5 18. Ndf3 Qxd1 19. Raxd1 g5 20. Bg3 e6 21. h3
Nd5 22. a3 Rfd8 23. Nd3 Nxd3 24. Bxd3 Nb6 25. Nd4 Na4 26. Rd2 Nxc3 27. bxc3 Rxc3
28. Be5 Bxe5 29. Rxe5 Kf8 30. Be4 Rb8 31. Bxb7 Rxb7 32. Re1 Rxa3 33. Rc2 Rd7 34.
Nf3 a5 35. Rc5 Rb7 36. Rb1 b4 37. Nd4 a4 38. Nc6 b3 39. Na5 Rb8 40. Nc6 Rb6 41.
Nd4 b2 42. Nc2 Ra2 43. Ra5 Rc6 44. Nb4 Rc1+ 0-1

[Event "World Blitz Women 2025"]
[Site "Doha QAT"]
[Date "2025.12.30"]
[Round "15.69"]
[White "Khalil, Manar"]
[Black "Al-Khulaifi, Ghada"]
[Result "1-0"]
[WhiteTitle "WFM"]
[BlackTitle "WCM"]
[WhiteElo "1925"]
[BlackElo "1630"]
[WhiteFideId "7604661"]
[BlackFideId "12100633"]
[EventDate "2025.12.29"]

1. e4 c6 2. d4 d5 3. exd5 cxd5 4. Bd3 Nc6 5. c3 Nf6 6. h3 e6 7. Nf3 Bd6 8. O-O
O-O 9. Re1 Qc7 10. Bg5 Nd7 11. Nbd2 f6 12. Be3 e5 13. dxe5 fxe5 14. Ng5 Nf6 15.
Nb3 h6 16. Bg6 hxg5 17. Bxg5 Ne7 18. Bc2 e4 19. Nd4 Nf5 20. Nxf5 Bxf5 21. Bxf6
Rxf6 22. Qxd5+ Be6 23. Qxe4 Rh6 24. Rad1 Rf8 25. Qd3 Bc5 26. Re2 Qf7 27. Bb3
Bxf2+ 28. Kh1 Bxb3 29. axb3 Bg3 30. Re4 Bc7 31. Rd4 Qf2 32. Qc4+ Kh8 33. Qxc7
Qe2 34. Qg3 Qe7 35. Rd7 Qf6 36. R7d6 Qf7 37. Rxh6+ gxh6 38. Qe5+ Qg7 39. Qd6 Rg8
40. Qd5 Qg6 41. Qd4+ Kh7 42. Qf2 Qg7 43. Qf5+ Kh8 44. g4 Rf8 45. Qe4 Kg8 46.
Qe6+ Kh8 47. Rd7 Qg5 1-0

[Event "World Blitz Women 2025"]
[Site "Doha QAT"]
[Date "2025.12.30"]
[Round "15.70"]
[White "Nordahl, Christine"]
[Black "Alotaibi, Maitha Abdulrahman A"]
[Result "1-0"]
[WhiteElo "1835"]
[BlackElo "1600"]
[WhiteFideId "1557939"]
[BlackFideId "21524009"]
[EventDate "2025.12.29"]

1. d4 f5 2. c4 Nf6 3. g3 e6 4. Bg2 Be7 5. Nf3 O-O 6. Nc3 Ne4 7. O-O Nxc3 8. bxc3
Nc6 9. c5 b6 10. cxb6 cxb6 11. Bf4 d5 12. Ne5 Nxe5 13. Bxe5 Bd6 14. f4 Bxe5 15.
fxe5 Bb7 16. c4 Rc8 17. Rc1 Qd7 18. Qd3 Ba6 19. Qe3 Bxc4 20. a3 a5 21. Rf4 Qf7
22. Rb1 Qc7 23. Rh4 g6 24. Qd2 b5 25. g4 f4 26. g5 Qd8 27. Rxf4 Qxg5 28. Rxf8+
Rxf8 29. Qxg5 Rf5 30. Qe7 h5 31. Qxe6+ Kg7 32. Bxd5 Bxd5 33. Qxd5 Kh6 34. Qxb5
Rf7 35. Qxa5 Rd7 36. d5 Rf7 37. e6 Rf4 38. Qd2 g5 39. e7 Rg4+ 40. Kf1 Rf4+ 41.
Ke1 Re4 42. Rb6+ Kg7 43. Qxg5+ Kf7 44. Qf6+ Kg8 45. Rb8+ Kh7 46. Rh8# 1-0